00628nam a2200169Ia 4500008004100000020001500041040001900056041001200075082002500087100002600112245014700138260004800285300002500333440004000358504005000398850001000448131103s9999 xx 000 0 und d a05212706 8 aLoreto College aEnglish a428/LITbLCLIB/39704 aLittlewood,William T. aForeign and second language learningb language, acquistion reasearch and its implications for the references and index cWilliam T.Littlewood aCambridgebCambridge University Pressc1984 a[5],114 p. c 23 cm. aCambridge Language Teaching Library aIncludes bibliographical references and index aLCLIB